Los servicios y el territorio / (Record no. 10923)

MARC details
000 -LEADER
campo de control de longitud fija 00861nam a22002655i 4500
001 - NÚMERO DE CONTROL
campo de control 10923
003 - IDENTIFICADOR DE NÚMERO DE CONTROL
campo de control ES-MaACL
005 - FECHA Y HORA DE LA ÚLTIMA TRANSACCIÓN
campo de control 20230906150006.0
007 - CAMPO FIJO DE DESCRIPCIÓN FÍSICA--INFORMACIÓN GENERAL
campo de control de longitud fija t|
008 - DATOS DE LONGITUD FIJA--INFORMACIÓN GENERAL
campo de control de longitud fija 930413s1992 sp ||||0| spa j
020 ## - NÚMERO INTERNACIONAL ESTÁNDAR DEL LIBRO
Número Internacional Estándar del Libro 84-7738-160-7
040 ## - FUENTE DE CATALOGACIÓN
Centro catalogador/agencia de origen M-BN
Lengua de catalogación spa
Centro/agencia transcriptor M-BN
080 ## - NÚMERO DE LA CLASIFICACIÓN DECIMAL UNIVERSAL
Número de la Clasificación Decimal Universal 338.46
100 1# - ENTRADA PRINCIPAL--NOMBRE DE PERSONA
Nombre de persona Moreno Jiménez, Antonio.
9 (RLIN) 83388
245 14 - MENCIÓN DEL TÍTULO
Título Los servicios y el territorio /
Mención de responsabilidad, etc. Antonio Moreno Jiménez, Severino Escolano Utrilla.
260 ## - PUBLICACIÓN, DISTRIBUCIÓN, ETC.
Lugar de publicación, distribución, etc. Madrid :
Nombre del editor, distribuidor, etc. Síntesis,
Fecha de publicación, distribución, etc. D.L. 1992.
300 ## - DESCRIPCIÓN FÍSICA
Extensión 189 p :
Otras características físicas map ;
Dimensiones 22 cm.
490 1# - MENCIÓN DE SERIE
Mención de serie Espacios y sociedades. Serie general ;
Designación de volumen o secuencia n. 19
504 ## - NOTA DE BIBLIOGRAFÍA, ETC.
Nota de bibliografía, etc. Bibliografía: p. 181-189.
650 14 - PUNTO DE ACCESO ADICIONAL DE MATERIA--TÉRMINO DE MATERIA
Término de materia o nombre geográfico como elemento de entrada Sector servicios.
9 (RLIN) 17003
700 1# - ENTRADA AGREGADA--NOMBRE PERSONAL
Nombre de persona Escolano Utrilla, Severino.
9 (RLIN) 47599
830 0# - PUNTO DE ACCESO ADICIONAL DE SERIE-TÍTULO UNIFORME
Título uniforme Espacios y sociedades. Serie general ;
Designación de volumen o secuencia n. 19
9 (RLIN) 178867
852 ## - LOCALIZACIÓN
Ubicación ES-MaACL
Número de control de estantería L-18227
Sublocalización o colección R.121900
Holdings
Estatus retirado Estado de pérdida Estado de daño No para préstamo Biblioteca de origen Biblioteca actual Ubicación en estantería Fecha de adquisición Fuente de adquisición Total de préstamos Signatura topográfica completa Código de barras Visto por última vez Precio de reemplazo Tipo de ítem Koha
        Biblioteca del Ateneo de Madrid Biblioteca del Ateneo de Madrid Depósito 2 17/01/2008     L-18227 1011141 23/02/2023 23/02/2023 Libro impreso